000 00723nam a2200181Ia 4500
008 100920s9999 xx 000 0 und d
082 _b27146
_a891.43 थ 71
100 _aविद्रयालंकार सत्यकाम.
245 _aहमारे राष्ट्र निर्माता.
260 _bराजपाल एण्ड सन्स ,कश्मीरी गेट, दिल्ली.
_c1971
300 _a107
_bसाधी
365 _b2
520 _aहिंदी.
630 _aहमारे राष्ट्र निर्माता.
650 _aहिंदी.
730 _aहमारे राष्ट्र निर्माता.
942 _cBOOK
999 _c684089
_d684086